00492nam a22001697a 4500008004100000020001500041040001700056050001900073082001300092100002700105245004400132260004300176650003400219650004500253942000700298999001700305230504b |||||||| |||| 00| 0 eng d a9789788446 aNLNbEnglish aDT515.77.bE22 a923.5669 aEDEOGHON, Peter921849 aIn the hand of destiny/cPeter Edeoghon aBenin city:bMindex Publishing,c2014. aEdeoghon, Peter 1940- 921850 aAdministratorvNigeriaxBiography921851 cBK c11071d11071